[Event "IECG CN.2000.0.00202"]
[Site "IECG email"]
[Date "2000.07.10"]
[Round "?"]
[White "Khawaja, Sheeraz Saleem"]
[Black "Kipper, Daniel"]
[Result "1-0"]
[WhiteElo "800"]
[BlackElo "800"]
[PlyCount "33"]
[EventDate "2000.07.10"]
[EventType "tourn (corr)"]
[EventRounds "6"]
[SourceTitle "Corr 2008"]
[Source "ChessBase"]
[SourceDate "2008.06.24"]
[SourceVersion "1"]
[SourceVersionDate "2008.06.24"]
[SourceQuality "1"]

1. e4 c5 2. Nf3 Nc6 3. c4 Nf6 4. Nc3 e5 5. Be2 Be7 6. 0-0 0-0 7. d3 d6 8. Ne1 Nd4 9. f4 a6 10. fxe5 dxe5 11. Nd5 Ne8 12. Bd2 Bg5 13. Bxg5 Qxg5 14. Nf3 Nxf3+ 15. Bxf3 b5 16. cxb5 axb5 17. Qc1 1-0